مكتبة جامعة عجلون الوطنية

فهرس بحث المكتبة

Normal view MARC view
  • الرقابة الداخلية-الشركات الصناعية- التقارير المالية-الاردن

Entry Topical Term

Number of records used in: 1

001 - CONTROL NUMBER

  • control field: 61425

003 - CONTROL NUMBER IDENTIFIER

  • control field: JO-AjAnu

005 - DATE AND TIME OF LATEST TRANSACTION

  • control field: 20230606084034.0

008 - FIXED-LENGTH DATA ELEMENTS

  • fixed length control field: 230606|| aca||aabn | a|a d

040 ## - CATALOGING SOURCE

  • Original cataloging agency: JO-AjAnu
  • Transcribing agency: JO-AjAnu

150 ## - HEADING--TOPICAL TERM

  • Topical term or geographic name entry element: الرقابة الداخلية-الشركات الصناعية- التقارير المالية-الاردن

670 ## - SOURCE DATA FOUND

  • Source citation: Work cat.: (JO-AjAnu)31332: إعداد الشياب، ليث انيس؛ اشراف مأمون محمد القضاة, author 61424, دور الرقابة الداخلية على الخصائص الرئيسية للتقارير المالية في الشركات الصناعية الاردنية: تكنولوجيا المعلومات كمتغير معدل(دراسة ميدانية من وجهة نظر المدققين الداخليين) = The Role of Internal Control on the Main Characteristics of Financial Reports in Jorda